Logo

Description automatically generated
विद्यार्जन
 संसाधन केंद्र, भारतीय प्रौद्योगिकी संस्थान इन्दौर
Learning Resource Center, Indian Institute of Technology Indore

ऑनलाइन सार्वजनिक अभिगम प्रसूची
Online Public Access Catalogue (OPAC)

The life of Sri Aurobindo [4th ed.] (Record no. 57114)

MARC details
000 -LEADER
fixed length control field 00524nam a2200193Ia 4500
005 - DATE AND TIME OF LATEST TRANSACTION
control field 20260609164404.0
008 - FIXED-LENGTH DATA ELEMENTS--GENERAL INFORMATION
fixed length control field 260609s9999||||xx |||||||||||||| ||und||
020 ## - INTERNATIONAL STANDARD BOOK NUMBER
International Standard Book Number 8170580803
020 ## - INTERNATIONAL STANDARD BOOK NUMBER
Qualifying information pbk
082 ## - DEWEY DECIMAL CLASSIFICATION NUMBER
Classification number 923.254
Item number PUR.4E
100 ## - MAIN ENTRY--PERSONAL NAME
Personal name Purani, A.B.
245 #4 - TITLE STATEMENT
Title The life of Sri Aurobindo [4th ed.]
250 ## - EDITION STATEMENT
Edition statement 4th ed. 1978 ; 3rd imp. 1995
260 ## - PUBLICATION, DISTRIBUTION, ETC.
Place of publication, distribution, etc. Pondicherry
Name of publisher, distributor, etc. Sri Aurobindo Ashram
Date of publication, distribution, etc. 1978
300 ## - PHYSICAL DESCRIPTION
Extent xxii, 440p. ; 22cm.
653 ## - INDEX TERM--UNCONTROLLED
Uncontrolled term Biography
653 ## - INDEX TERM--UNCONTROLLED
Uncontrolled term Ghose, Aurobindo, 1872-1950
942 ## - ADDED ENTRY ELEMENTS (KOHA)
Koha item type Book
Holdings
Withdrawn status Lost status Damaged status Not for loan Home library Current library Shelving location Date acquired Source of acquisition Total Checkouts Full call number Barcode Date last seen Price effective from Koha item type
        LRC, IIT Indore LRC, IIT Indore 2nd Floor - General Stack 09/06/2026 Gratis Book Price: INR 100.00   923.254 PUR.4E G2345 15/06/2026 09/06/2026 Book
Copyright © 2017-2026 Indian Institute of Technology Indore. All Rights Reserved.
Managed & maintained by Learning Resource Center, IIT Indore